000 01031cam a2200133 4500500
005 20251012042358.0
041 _afre
042 _adc
100 1 0 _aDalla Piazza, Serge
_eauthor
245 0 0 _aEn marche vers un idéal social : Homme, individu, citoyen
260 _bL'Harmattan,
_c2005.
520 _aCe livre décrit le trajet sinueux et complexe de la formation des organisations poussées par des idées de solidarité, d’égalité, d’équité et de croyance démocratique. Il révèle les freins de concepts plus anciens: charité, aide, assistance et corporatisme. Il montre comment s’est réalisée la démocratie sociale à travers le réseau des services psychosociaux. Il met en scène un modèle constructiviste fondé sur une culture de la citoyenneté. L’Association, qui en est le cadre, s’est voulue une alternative communautaire, un modèle de la désinstitutionnalisation.
856 4 1 _uhttps://shs.cairn.info/en-marche-vers-un-ideal-social--9782747589888?lang=fr&redirect-ssocas=7080
999 _c1548763
_d1548763